Batsmen Who Have Scored 300 in a Test Innings (cricket) - Statistics

General Stats
  • This quiz has been taken 3,573 times
    2,279 since last reset
  • The average score is 16 of 31
Answer Stats
season score for batsman % Correct
2003-04 400* WI Brian Lara
98%
1993-94 375 WI Brian Lara
98%
2003-04 380 Aus Matthew Hayden
79%
1930 334 Aus Don Bradman
77%
1934 304 Aus Don Bradman
77%
2019-20 335* Aus David Warner
75%
2010-11 333 WI Chris Gayle
66%
2004-05 317 WI Chris Gayle
66%
2013-14 319 SL Kumar Sangakkara
64%
2011-12 329* Aus Michael Clarke
64%
2007-08 319 Ind Virender Sehwag
64%
2003-04 309 Ind Virender Sehwag
64%
2006-07 374 SL Mahela Jayawardene
63%
1990 333 Eng Graham Gooch
56%
2008-09 313 Pak Younis Khan
56%
1957-58 365* WI Garry Sobers
55%
2013-14 302 NZ Brendon McCullum
54%
2012 311* SA Hashim Amla
54%
1998-99 334* Aus Mark Taylor
50%
2001-02 329 Pak Inzamam-ul-Haq
49%
1997-98 340 SL Sanath Jayasuriya
49%
2016-17 303* Ind Karun Nair
42%
1938 364 Eng Len Hutton
39%
2016-17 302* Pak Azhar Ali
35%
1932-33 336* Eng Wally Hammond
33%
1957-58 337 Pak Hanif Mohammad
30%
1964 311 Aus Bobby Simpson
20%
1965 310* Eng John Edrich
16%
1973-74 302 WI Lawrence Rowe
16%
1929-30 325 Eng Andy Sandham
15%
1965-66 307 Aus Bob Cowper
12%
No matching quizzes found
Score Distribution
Percent of People with Each Score
Percentile by Number Answered
Your Score History
You have not taken this quiz since the last reset